[Event "DSOL 04 Liga Gr-D 1st"]
[Site "Playchess.com INT"]
[Date "2020.08.05"]
[Round "7.1"]
[White "Mueller, Adrian"]
[Black "Fink, Martin"]
[Result "1-0"]
[WhiteElo "2026"]
[BlackElo "1848"]
[PlyCount "119"]
[EventDate "2020.06.22"]
[EventType "team-tourn (rapid)"]
[EventCountry "GER"]
[SourceTitle "EXT 2021"]
[Source "ChessBase"]
[SourceDate "2020.10.23"]
[SourceVersion "1"]
[SourceVersionDate "2020.10.23"]
[SourceQuality "1"]
[WhiteTeam "Leverkusen Fideler Bauer"]
[BlackTeam "Heideck/Hilpoltstein"]
[WhiteTeamCountry "GER"]
[BlackTeamCountry "GER"]

1. e4 c5 2. Nf3 Nc6 3. d4 cxd4 4. Nxd4 d6 5. c4 Nf6 6. Nc3 g6 7. Be2 Bg7 8. 0-0 0-0 9. Be3 Bd7 10. f4 e5 11. Ndb5 exf4 12. Bxf4 Ne5 13. Qxd6 Ne8 14. Qd2 Bc6 15. Qxd8 Rxd8 16. Nxa7 Nd3 17. Nxc6 bxc6 18. Bxd3 Rxd3 19. Rfd1 Rxd1+ 20. Rxd1 Bxc3 21. bxc3 Nf6 22. e5 Ne4 23. Rd3 Ra8 24. Bh6 f5 25. exf6 Rxa2 26. h3 Kf7 27. Rd7+ Kxf6 28. Rxh7 Ra4 29. Rb7 Ke6 30. Rb4 Ra3 31. Rb6 Kd7 32. Rb7+ Ke6 33. Rc7 c5 34. Rc6+ Kf7 35. Be3 Ra4 36. Bxc5 Rxc4 37. Rc7+ Kg8 38. Bb6 Rxc7 39. Bxc7 Nxc3 40. Kf2 Kf7 41. Kf3 Kf6 42. Kg4 Nd5 43. Bf4 Nc3 44. Bc1 Kf7 45. Bb2 Nd5 46. Bd4 Ke6 47. Kg5 Kf7 48. g4 Nc7 49. Kf4 Ne6+ 50. Ke3 Ng5 51. h4 Nh7 52. Kf4 Nf8 53. Bb2 Ne6+ 54. Ke5 Ng7 55. Kd6 Ne8+ 56. Kd7 Kf8 57. Ba1 Kf7 58. Be5 Kf8 59. Ke6 Kg8 60. Ke7 1-0

[Event "DSOL 04 Liga Gr-D 1st"]
[Site "Playchess.com INT"]
[Date "2020.06.26"]
[Round "1.1"]
[White "Fink, Martin"]
[Black "Fauth, Jan"]
[Result "0-1"]
[WhiteElo "1848"]
[BlackElo "1868"]
[PlyCount "94"]
[EventDate "2020.06.22"]
[EventType "team-tourn (rapid)"]
[EventCountry "GER"]
[SourceTitle "EXT 2021"]
[Source "ChessBase"]
[SourceDate "2020.10.23"]
[SourceVersion "1"]
[SourceVersionDate "2020.10.23"]
[SourceQuality "1"]
[WhiteTeam "Heideck/Hilpoltstein"]
[BlackTeam "Merzhausen Schwarz Weiss"]
[WhiteTeamCountry "GER"]
[BlackTeamCountry "GER"]

1. e4 c6 2. Nf3 d5 3. exd5 cxd5 4. d4 a6 5. Be2 Bf5 6. 0-0 Nf6 7. Bf4 e6 8. Nbd2 Be7 9. c4 0-0 10. Rc1 dxc4 11. Nxc4 Nd5 12. Bg3 Nd7 13. a3 N7f6 14. Bd3 Ne4 15. Re1 Nxg3 16. hxg3 Bxd3 17. Qxd3 Bf6 18. Nce5 Rc8 19. Ng4 Qb6 20. b3 Rc7 21. Rc4 Rfc8 22. Rec1 Qd6 23. Nfe5 b5 24. Rxc7 Rxc7 25. Rxc7 Qxc7 26. Nxf6+ Nxf6 27. a4 Qb7 28. axb5 axb5 29. Qc3 h5 30. Qc5 b4 31. f3 g6 32. Kh2 Nd5 33. g4 hxg4 34. Nxg4 Qe7 35. g3 Qg5 36. Qa7 Kg7 37. Ne5 Qf5 38. Qa2 Ne3 39. Kg1 Kf8 40. Qa8+ Kg7 41. Qa2 Kf6 42. Qd2 Nd5 43. Qh6 Qb1+ 44. Kh2 Qc2+ 45. Kh3 Qd1 46. Ng4+ Ke7 47. Ne5 Qh1+ 0-1

[Event "Mittelfranken-chTB1 1819"]
[Site "Mittelfranken"]
[Date "2019.03.31"]
[Round "8.1"]
[White "Boese, Klaus"]
[Black "Fink, Martin"]
[Result "1-0"]
[WhiteElo "1930"]
[BlackElo "1879"]
[PlyCount "63"]
[EventDate "2018.10.14"]
[EventType "team-tourn"]
[EventRounds "9"]
[EventCountry "GER"]
[SourceTitle "EXT 2022"]
[Source "ChessBase"]
[SourceDate "2021.10.06"]
[SourceVersion "1"]
[SourceVersionDate "2021.10.06"]
[SourceQuality "1"]
[WhiteTeam "Bechhofen"]
[BlackTeam "Heideck/Hilpoltstein"]
[WhiteTeamCountry "GER"]
[BlackTeamCountry "GER"]

1. d4 d5 2. Bf4 Nc6 3. e3 Nf6 4. c3 e6 5. Nf3 Bd6 6. Ne5 0-0 7. Nd2 Bxe5 8. dxe5 Nd7 9. Nf3 f6 10. exf6 Nxf6 11. Ne5 Bd7 12. Bd3 Nxe5 13. Bxe5 c5 14. Bd6 Qb6 15. Bxf8 Rxf8 16. Qe2 e5 17. b3 e4 18. Bc2 Ng4 19. Rf1 Nxh2 20. Rh1 Ng4 21. f3 Nf6 22. 0-0-0 Bf5 23. c4 Qe6 24. Rd2 Qe5 25. Kb1 exf3 26. gxf3 dxc4 27. Qxc4+ Kh8 28. e4 Be6 29. Qd3 c4 30. Qd6 Qc3 31. Qxf8+ Bg8 32. Rd8 1-0

[Event "Mittelfranken-chTB2b 1718"]
[Site "Mittelfranken"]
[Date "2018.02.18"]
[Round "5.1"]
[White "Fink, Martin"]
[Black "Boehme, Markus"]
[Result "0-1"]
[WhiteElo "1832"]
[BlackElo "2054"]
[PlyCount "86"]
[EventDate "2017.10.08"]
[EventType "team-tourn"]
[EventRounds "9"]
[EventCountry "GER"]
[SourceTitle "EXT 2022"]
[Source "ChessBase"]
[SourceDate "2021.10.06"]
[SourceVersion "1"]
[SourceVersionDate "2021.10.06"]
[SourceQuality "1"]
[WhiteTeam "Heideck/Hilpoltstein"]
[BlackTeam "Uttenreuth"]
[WhiteTeamCountry "GER"]
[BlackTeamCountry "GER"]

1. e4 d6 2. d4 Nf6 3. Nc3 g6 4. f4 Bg7 5. Nf3 c5 6. e5 Nfd7 7. dxc5 dxe5 8. fxe5 Nxe5 9. Bb5+ Bd7 10. 0-0 0-0 11. Bxd7 Nbxd7 12. Ne4 Qc7 13. Bf4 Nxc5 14. Qd5 Nxe4 15. Bxe5 Bxe5 16. Qxe5 Qxe5 17. Nxe5 f6 18. Rfe1 Nc5 19. b4 Na4 20. Nd7 Rfe8 21. Re3 Rac8 22. Rae1 Kf7 23. Ra3 b5 24. Nc5 Nxc5 25. bxc5 Rxc5 26. Rxa7 Rxc2 27. a3 Ra2 28. Rb1 b4 29. Rxb4 Rd8 30. h4 Rdd2 31. Re4 Rxg2+ 32. Kf1 f5 33. Rexe7+ Kf6 34. Rf7+ Ke5 35. Rae7+ Kf4 36. Rb7 Rgc2 37. Rb1 Rxa3 38. Rxh7 Rf3+ 39. Kg1 Rg3+ 40. Kf1 Kg4 41. Rh6 Kh3 42. h5 g5 43. Rhb6 Kh2 0-1

[Event "Mittelfranken-chTB2b 1718"]
[Site "Mittelfranken"]
[Date "2017.11.19"]
[Round "3.1"]
[White "Fink, Martin"]
[Black "Vogiatzis, Dimitrios"]
[Result "1/2-1/2"]
[WhiteElo "1832"]
[BlackElo "1937"]
[PlyCount "34"]
[EventDate "2017.10.08"]
[EventType "team-tourn"]
[EventRounds "9"]
[EventCountry "GER"]
[SourceTitle "EXT 2022"]
[Source "ChessBase"]
[SourceDate "2021.10.06"]
[SourceVersion "1"]
[SourceVersionDate "2021.10.06"]
[SourceQuality "1"]
[WhiteTeam "Heideck/Hilpoltstein"]
[BlackTeam "Nuernberg Noris Tarrasch IV"]
[WhiteTeamCountry "GER"]
[BlackTeamCountry "GER"]

1. e4 e5 2. Nf3 Nc6 3. d4 exd4 4. Bb5 Bc5 5. 0-0 a6 6. Ba4 b5 7. Bb3 h6 8. Bd5 Nge7 9. b4 Bb6 10. Bb2 0-0 11. Nxd4 Nxd5 12. exd5 Ne5 13. a4 bxa4 14. Nd2 d6 15. c4 Qh4 16. N4f3 Nxf3+ 17. Qxf3 Bd7 1/2-1/2

[Event "Mittelfranken-chT2b 1617"]
[Site "Mittelfranken"]
[Date "2017.01.22"]
[Round "5.1"]
[White "Baumann, Mathias"]
[Black "Fink, Martin"]
[Result "1-0"]
[WhiteElo "1912"]
[BlackElo "1832"]
[PlyCount "79"]
[EventDate "2016.10.23"]
[EventType "team-tourn"]
[EventRounds "9"]
[EventCountry "GER"]
[SourceTitle "EXT 2022"]
[Source "ChessBase"]
[SourceDate "2021.10.06"]
[SourceVersion "1"]
[SourceVersionDate "2021.10.06"]
[SourceQuality "1"]
[WhiteTeam "Nuernberg Zabo Eintracht II"]
[BlackTeam "Heideck/Hilpoltstein"]
[WhiteTeamCountry "GER"]
[BlackTeamCountry "GER"]

1. Nf3 c5 2. c4 e6 3. d4 cxd4 4. Nxd4 Nc6 5. Nb5 d6 6. e4 Be7 7. Bf4 e5 8. Be3 f5 9. exf5 Bxf5 10. Bd3 Bxd3 11. Qxd3 Nf6 12. 0-0 0-0 13. Rd1 Qd7 14. N1c3 Qg4 15. f3 Qe6 16. Nc7 Qf7 17. Nxa8 Rxa8 18. Nd5 Ne8 19. Rac1 Bd8 20. b3 g6 21. Nc3 Kg7 22. Ne4 Be7 23. Qd2 Qf5 24. Rc2 Rd8 25. Ng3 Qf7 26. Qf2 b6 27. Qd2 d5 28. cxd5 Nb4 29. Rcc1 Rxd5 30. Qe2 Rxd1+ 31. Rxd1 Nd5 32. Bd2 Bd6 33. Ne4 Bb8 34. Kh1 Nf4 35. Qb5 Kh6 36. g3 a6 37. Qxa6 Kg7 38. gxf4 Qd7 39. fxe5 Bxe5 40. Bh6+ 1-0

[Event "Mittelfranken-chTB2b 1516"]
[Site "Mittelfranken"]
[Date "2015.10.18"]
[Round "1.1"]
[White "Krauss, Hermann"]
[Black "Fink, Martin"]
[Result "1-0"]
[WhiteElo "1970"]
[BlackElo "1836"]
[PlyCount "69"]
[EventDate "2015.10.18"]
[EventType "team-tourn"]
[EventRounds "9"]
[EventCountry "GER"]
[SourceTitle "EXT 2020"]
[Source "ChessBase"]
[SourceDate "2019.10.17"]
[SourceVersion "1"]
[SourceVersionDate "2019.10.17"]
[SourceQuality "1"]
[WhiteTeam "Nuernberg NT IV"]
[BlackTeam "Heideck/Hilpoltstein"]
[WhiteTeamCountry "GER"]
[BlackTeamCountry "GER"]

1. c4 c5 2. Nf3 Nc6 3. d4 cxd4 4. Nxd4 Nf6 5. Nc3 e5 6. Ndb5 d6 7. Bg5 a6 8. Na3 Be7 9. e3 Bf5 10. Bd3 Qd7 11. Bxf6 gxf6 12. Nd5 0-0 13. Nb6 Qe6 14. Nxa8 Rxa8 15. Bxf5 Qxf5 16. 0-0 Kh8 17. Qf3 Qg6 18. Qg3 Qh5 19. f4 Rg8 20. Qf3 Qh4 21. Nc2 f5 22. Rfd1 Rg4 23. g3 Qf6 24. Rab1 Bd8 25. Qd5 exf4 26. exf4 Bb6+ 27. Kg2 Rg6 28. b4 Qc3 29. Qd3 Qf6 30. Qd5 Nd8 31. c5 dxc5 32. bxc5 Ne6 33. Qe5 Nxc5 34. Rxb6 Qxe5 35. Rd8+ 1-0

[Event "Mittelfranken-chTB2b 1415"]
[Site "Mittelfranken"]
[Date "2015.04.19"]
[Round "9.1"]
[White "Krauss, Hermann"]
[Black "Fink, Martin"]
[Result "1-0"]
[WhiteElo "1970"]
[BlackElo "1836"]
[PlyCount "81"]
[EventDate "2014.09.28"]
[EventType "team-tourn"]
[EventRounds "9"]
[EventCountry "GER"]
[SourceTitle "EXT 2020"]
[Source "ChessBase"]
[SourceDate "2019.10.17"]
[SourceVersion "1"]
[SourceVersionDate "2019.10.17"]
[SourceQuality "1"]
[WhiteTeam "Nuernberg NT IV"]
[BlackTeam "Heideck/Hilpoltstein"]
[WhiteTeamCountry "GER"]
[BlackTeamCountry "GER"]

1. e4 e5 2. Bc4 Nf6 3. Nc3 c6 4. Qe2 b5 5. Bb3 Ba6 6. d3 Bb4 7. Nf3 0-0 8. Nxe5 d5 9. 0-0 Bxc3 10. bxc3 dxe4 11. dxe4 Qe7 12. Bf4 c5 13. c4 bxc4 14. Bxc4 Bxc4 15. Qxc4 Nh5 16. Nd3 Nxf4 17. Nxf4 Nd7 18. Nd5 Qh4 19. Rab1 Rab8 20. f3 Qg5 21. Qc3 Rfe8 22. Rfd1 h5 23. Qe3 Rxb1 24. Qxg5 Rxd1+ 25. Kf2 f6 26. Qg6 Re5 27. f4 Re6 28. Ne3 Nf8 29. Qxh5 Rd2+ 30. Kf3 Rd4 31. Qxc5 Rexe4 32. g3 Ra4 33. Qd5+ Kh7 34. Qxe4+ Rxe4 35. Kxe4 Kg6 36. Kd5 Nd7 37. c4 Nb6+ 38. Kc6 Na4 39. Kb7 Nc3 40. a3 Kh5 41. Kxa7 1-0

[Event "Mittelfranken-chTB2b 1415"]
[Site "Mittelfranken"]
[Date "2015.02.08"]
[Round "6.1"]
[White "Manthey, Frank"]
[Black "Fink, Martin"]
[Result "1/2-1/2"]
[WhiteElo "2019"]
[BlackElo "1836"]
[PlyCount "145"]
[EventDate "2014.09.28"]
[EventType "team-tourn"]
[EventRounds "9"]
[EventCountry "GER"]
[SourceTitle "EXT 2020"]
[Source "ChessBase"]
[SourceDate "2019.10.17"]
[SourceVersion "1"]
[SourceVersionDate "2019.10.17"]
[SourceQuality "1"]
[WhiteTeam "Schwanstetten"]
[BlackTeam "Heideck/Hilpoltstein"]
[WhiteTeamCountry "GER"]
[BlackTeamCountry "GER"]

1. e4 e5 2. Nf3 Nc6 3. Bb5 d6 4. c3 Nf6 5. 0-0 Be7 6. Re1 0-0 7. d3 a6 8. Ba4 b5 9. Bb3 Na5 10. Bc2 c5 11. Nbd2 Nc6 12. Nf1 d5 13. exd5 Qxd5 14. Bb3 Qd6 15. Nxe5 Nxe5 16. Bf4 Nfg4 17. d4 Qf6 18. Bxe5 Qxf2+ 19. Kh1 Nxe5 20. Rxe5 Bd6 21. Qe2 Qf6 22. Re3 Bf4 23. Re4 cxd4 24. Rxd4 Bb7 25. Re1 Rad8 26. Rxd8 Qxd8 27. Qe7 Qxe7 28. Rxe7 Bc8 29. Kg1 Bd6 30. Re1 Bc5+ 31. Kh1 g6 32. Nd2 Kg7 33. Nf3 Bb7 34. Rd1 Re8 35. Ng5 Re5 36. h4 Re2 37. Bd5 Bxd5 38. Rxd5 Bf2 39. Rd7 Bxh4 40. Nxf7 Rxb2 41. Kh2 Rxa2 42. Ng5+ Kf6 43. Nf3 Bf2 44. Rxh7 Rc2 45. Rc7 b4 46. Rc6+ Kf5 47. Rxa6 Rxc3 48. Ra5+ Rc5 49. Ra2 Be3 50. Rb2 Rb5 51. Rb3 Bb6 52. g3 Ke4 53. Kg2 Be3 54. Ne1 g5 55. Nc2 Bd2 56. Kf2 Rc5 57. Nxb4 Rb5 58. Na6 Ra5 59. Nb4 Kf5 60. Ke2 Bc1 61. Rb1 Re5+ 62. Kf2 Be3+ 63. Kf3 Bd2 64. Nc2 Rc5 65. Nd4+ Ke5 66. Ne2 Ba5 67. g4 Rd5 68. Rb3 Bd2 69. Ng3 Rc5 70. Ne4 Rd5 71. Nxd2 Rxd2 72. Rb5+ Rd5 73. Rb3 1/2-1/2

[Event "Mittelfranken-chTB2b 1415"]
[Site "Mittelfranken"]
[Date "2014.12.14"]
[Round "4.1"]
[White "Fink, Martin"]
[Black "Handl, Johannes"]
[Result "1/2-1/2"]
[WhiteElo "1836"]
[BlackElo "1883"]
[PlyCount "45"]
[EventDate "2014.09.28"]
[EventType "team-tourn"]
[EventRounds "9"]
[EventCountry "GER"]
[SourceTitle "EXT 2020"]
[Source "ChessBase"]
[SourceDate "2019.10.17"]
[SourceVersion "1"]
[SourceVersionDate "2019.10.17"]
[SourceQuality "1"]
[WhiteTeam "Heideck/Hilpoltstein"]
[BlackTeam "Bubenreuth/Moehrendorf"]
[WhiteTeamCountry "GER"]
[BlackTeamCountry "GER"]

1. d4 d5 2. Nf3 Nf6 3. g3 g6 4. Bg2 Bg7 5. 0-0 0-0 6. c4 c6 7. cxd5 cxd5 8. Nc3 Nc6 9. Ne5 Be6 10. Qa4 Nxe5 11. dxe5 Ng4 12. Rd1 Qb6 13. Rd4 Nxf2 14. Kxf2 f6 15. Nxd5 fxe5+ 16. Ke1 Bxd5 17. Bxd5+ e6 18. Bxe6+ Kh8 19. Rd7 Qxe6 20. Be3 Qh3 21. Rad1 Rad8 22. R1d3 Rc8 23. Kd2 1/2-1/2

[Event "Mittelfranken-chTB2b 1415"]
[Site "Mittelfranken"]
[Date "2014.11.16"]
[Round "3.1"]
[White "Fink, Martin"]
[Black "Wichmann, Adrian"]
[Result "1/2-1/2"]
[WhiteElo "1836"]
[BlackElo "1973"]
[PlyCount "31"]
[EventDate "2014.09.28"]
[EventType "team-tourn"]
[EventRounds "9"]
[EventCountry "GER"]
[SourceTitle "EXT 2020"]
[Source "ChessBase"]
[SourceDate "2019.10.17"]
[SourceVersion "1"]
[SourceVersionDate "2019.10.17"]
[SourceQuality "1"]
[WhiteTeam "Heideck/Hilpoltstein"]
[BlackTeam "Forchheim III"]
[WhiteTeamCountry "GER"]
[BlackTeamCountry "GER"]

1. e4 c5 2. Nf3 g6 3. d4 cxd4 4. Nxd4 Bg7 5. Nc3 Nc6 6. Be3 Nf6 7. Be2 0-0 8. 0-0 d6 9. Qd2 Ng4 10. Nxc6 bxc6 11. Bg5 Rb8 12. h3 Nf6 13. Rab1 Re8 14. Bc4 Qa5 15. b4 Qc7 16. Rfd1 1/2-1/2

[Event "Mittelfranken-chTB2b 1314"]
[Site "Mittelfranken"]
[Date "2013.10.20"]
[Round "1.1"]
[White "Fink, Martin"]
[Black "Mehwald, Thomas"]
[Result "1/2-1/2"]
[WhiteElo "1836"]
[BlackElo "1954"]
[PlyCount "33"]
[EventDate "2013.10.20"]
[EventType "team-tourn"]
[EventRounds "9"]
[EventCountry "GER"]
[SourceTitle "EXT 2020"]
[Source "ChessBase"]
[SourceDate "2019.10.17"]
[SourceVersion "1"]
[SourceVersionDate "2019.10.17"]
[SourceQuality "1"]
[WhiteTeam "Heideck/Hilpoltstein"]
[BlackTeam "Muehlhof/Schwabach"]
[WhiteTeamCountry "GER"]
[BlackTeamCountry "GER"]

1. e4 c5 2. Nf3 d6 3. d4 cxd4 4. Nxd4 Nf6 5. Nc3 a6 6. Be2 e5 7. Nb3 Be6 8. 0-0 b5 9. Be3 Nbd7 10. a3 Nb6 11. f4 Nc4 12. Bxc4 Bxc4 13. Rf3 Ng4 14. Qd2 Nxe3 15. Qxe3 Rc8 16. Kh1 Be7 17. Rd1 1/2-1/2

[Event "Mittelfranken-chTB2b 1213"]
[Site "Germany"]
[Date "2013.02.11"]
[Round "7.1"]
[White "Sattler, Stefan"]
[Black "Fink, Martin"]
[Result "1/2-1/2"]
[WhiteElo "2074"]
[BlackElo "1869"]
[PlyCount "56"]
[EventDate "2012.10.07"]
[EventType "team-tourn"]
[EventRounds "9"]
[EventCountry "GER"]
[SourceTitle "EXT 2019"]
[Source "ChessBase"]
[SourceDate "2018.10.10"]
[SourceVersion "1"]
[SourceVersionDate "2018.10.10"]
[SourceQuality "1"]
[WhiteTeam "Herzogenaurach"]
[BlackTeam "Heideck/Hilpoltstein"]
[WhiteTeamCountry "GER"]
[BlackTeamCountry "GER"]

1. e4 c5 2. Nf3 Nc6 3. d4 cxd4 4. Nxd4 d6 5. Nc3 Nf6 6. Be3 e5 7. Nb3 Be7 8. Be2 0-0 9. 0-0 b6 10. Bf3 Ba6 11. Re1 Rc8 12. Qd2 Kh8 13. Rad1 Ne8 14. Bg4 Rb8 15. Nd5 Bc8 16. Qe2 f5 17. exf5 Bxf5 18. Bxf5 Rxf5 19. Qg4 Qc8 20. c3 Qe6 21. Nc1 Nf6 22. Nxf6 Qxf6 23. Qe4 d5 24. Rxd5 Rf8 25. Nd3 Bd8 26. Rd7 Rh5 27. g3 Qe6 28. Rb7 Qc8 1/2-1/2

[Event "Mittelfranken-chTB2b 1011"]
[Site "Germany"]
[Date "2011.03.13"]
[Round "7.1"]
[White "Simon, Martin"]
[Black "Fink, Martin"]
[Result "1/2-1/2"]
[WhiteElo "1928"]
[BlackElo "1867"]
[PlyCount "31"]
[EventDate "2010.09.26"]
[EventType "team-tourn"]
[EventRounds "9"]
[EventCountry "GER"]
[SourceTitle "EXT 2012"]
[Source "ChessBase"]
[SourceDate "2011.11.24"]
[SourceVersion "1"]
[SourceVersionDate "2011.11.24"]
[SourceQuality "1"]
[WhiteTeam "Neumarkt"]
[BlackTeam "Heideck/Hilpoltstein"]
[WhiteTeamCountry "GER"]
[BlackTeamCountry "GER"]

1. e4 c5 2. Nf3 Nc6 3. d4 cxd4 4. Nxd4 d6 5. Be2 Nf6 6. Nc3 e5 7. Nb3 Be7 8. Be3 0-0 9. 0-0 Be6 10. Qd2 Bxb3 11. cxb3 Nxe4 12. Nxe4 d5 13. Ng3 d4 14. Nf5 dxe3 15. Nxe7+ Qxe7 16. Qxe3 1/2-1/2

[Event "Mittelfranken-chTB2b 1011"]
[Site "Germany"]
[Date "2011.01.23"]
[Round "5.1"]
[White "Fuchs, Gerhard"]
[Black "Fink, Martin"]
[Result "1-0"]
[WhiteElo "2049"]
[BlackElo "1867"]
[PlyCount "72"]
[EventDate "2010.09.26"]
[EventType "team-tourn"]
[EventRounds "9"]
[EventCountry "GER"]
[SourceTitle "EXT 2012"]
[Source "ChessBase"]
[SourceDate "2011.11.24"]
[SourceVersion "1"]
[SourceVersionDate "2011.11.24"]
[SourceQuality "1"]
[WhiteTeam "Nuernberg SK 1911 II"]
[BlackTeam "Heideck/Hilpoltstein"]
[WhiteTeamCountry "GER"]
[BlackTeamCountry "GER"]

1. e4 c5 2. b3 Nc6 3. Bb2 d5 4. exd5 Qxd5 5. Nc3 Qd8 6. Bc4 Nf6 7. Nf3 Bg4 8. h3 Bxf3 9. Qxf3 Nd4 10. Qd3 a6 11. a4 Rb8 12. 0-0 e6 13. a5 Bd6 14. Na4 0-0 15. b4 e5 16. bxc5 Bc7 17. Nb6 Nh5 18. Nd5 Bxa5 19. Bxd4 exd4 20. Qxd4 Bc7 21. Rfe1 Kh8 22. c3 Rc8 23. Ne7 Qxd4 24. cxd4 Rb8 25. g3 b5 26. Ba2 Ba5 27. Re5 Bxd2 28. Rxh5 a5 29. c6 g6 30. Re5 Bc3 31. Rd1 b4 32. Bb3 Rbd8 33. c7 Rxd4 34. Rxd4 Bxd4 35. Rd5 Bb6 36. c8Q Rxc8 1-0

[Event "Mittelfranken-chTB2b 0910"]
[Site "Mittelfranken"]
[Date "2009.12.06"]
[Round "4.1"]
[White "Fink, Martin"]
[Black "Greul, Hans"]
[Result "1-0"]
[WhiteElo "1875"]
[BlackElo "1968"]
[PlyCount "53"]
[EventDate "2009.10.11"]
[EventType "team-tourn"]
[EventRounds "9"]
[EventCountry "GER"]
[SourceTitle "EXT 2011"]
[Source "ChessBase"]
[SourceDate "2010.11.26"]
[SourceVersion "1"]
[SourceVersionDate "2010.11.26"]
[SourceQuality "1"]
[WhiteTeam "Heideck/Hilpoltstein"]
[BlackTeam "Schwabach"]
[WhiteTeamCountry "GER"]
[BlackTeamCountry "GER"]

1. e4 e6 2. d4 d5 3. exd5 exd5 4. Nf3 Nf6 5. Bd3 Bd6 6. Bg5 0-0 7. 0-0 Bg4 8. h3 Bh5 9. c3 Nbd7 10. Nbd2 c6 11. Qc2 Qc7 12. Rae1 Rfe8 13. a4 Bf4 14. Bxf4 Qxf4 15. b4 Bxf3 16. Nxf3 h6 17. Bf5 Nb6 18. Ne5 h5 19. g3 Qh6 20. a5 Nc8 21. a6 bxa6 22. Ra1 Ne7 23. Rxa6 Qg5 24. Bd3 Rec8 25. Re1 Ne8 26. b5 h4 27. Bh7+ 1-0

[Event "Mittelfranken-ch HT 58th"]
[Site "Postbauer"]
[Date "2009.04.10"]
[Round "8.11"]
[White "Fink, Martin"]
[Black "Vasilache, Catalin"]
[Result "0-1"]
[WhiteElo "1883"]
[BlackElo "1946"]
[PlyCount "113"]
[EventDate "2009.04.07"]
[EventType "swiss"]
[EventRounds "9"]
[EventCountry "GER"]
[SourceTitle "EXT 2011"]
[Source "ChessBase"]
[SourceDate "2010.11.26"]
[SourceVersion "1"]
[SourceVersionDate "2010.11.26"]
[SourceQuality "1"]

1. e4 Nf6 2. Nc3 d5 3. e5 d4 4. exf6 dxc3 5. fxg7 cxd2+ 6. Qxd2 Qxd2+ 7. Bxd2 Bxg7 8. 0-0-0 Bf5 9. Ne2 Nd7 10. Ng3 Be6 11. Nh5 Be5 12. Be2 0-0-0 13. f4 Bd4 14. c3 Bb6 15. b3 Bd5 16. Bg4 e6 17. Bh3 Rhg8 18. Ng3 Nc5 19. c4 Nd3+ 20. Kc2 Bc6 21. b4 Ba4+ 22. Kc3 Bxd1 23. c5 Nxc5 24. Rxd1 Nd3 25. Ne4 Nf2 26. Nxf2 Bxf2 27. f5 Rd6 28. fxe6 fxe6 29. Bf4 Rc6+ 30. Kb3 Rd8 31. b5 Rb6 32. Rc1 Rd3+ 33. Kb2 Bd4+ 34. Kc2 Rc3+ 35. Kd2 Rxc1 36. Kxc1 Kd8 37. a4 a6 38. Kc2 axb5 39. Kd3 c5 40. axb5 Rxb5 41. Bxe6 Ke7 42. Bg8 h5 43. Ke4 Kf6 44. h4 Rb2 45. g3 b5 46. Bg5+ Kg7 47. Bd5 Bf6 48. Bf4 c4 49. Kf5 c3 50. Bf3 Rf2 51. Ke4 c2 52. Be3 Rf1 53. Bxh5 Re1 54. Kd3 Rxe3+ 55. Kxc2 Rxg3 56. Be8 b4 57. h5 0-1

[Event "Mittelfranken-ch HT 58th"]
[Site "Postbauer"]
[Date "2009.04.08"]
[Round "4.10"]
[White "Vogiatzis, Dimitrios"]
[Black "Fink, Martin"]
[Result "1-0"]
[WhiteElo "2005"]
[BlackElo "1883"]
[PlyCount "85"]
[EventDate "2009.04.07"]
[EventType "swiss"]
[EventRounds "9"]
[EventCountry "GER"]
[SourceTitle "EXT 2011"]
[Source "ChessBase"]
[SourceDate "2010.11.26"]
[SourceVersion "1"]
[SourceVersionDate "2010.11.26"]
[SourceQuality "1"]

1. e4 c5 2. Nc3 Nc6 3. f4 e6 4. Nf3 d5 5. Bb5 dxe4 6. Nxe4 Bd7 7. 0-0 Nf6 8. d3 a6 9. Bxc6 Bxc6 10. Qe2 Be7 11. f5 Nxe4 12. dxe4 exf5 13. exf5 0-0 14. Be3 Qc7 15. Qf2 Be4 16. Ng5 Bd5 17. f6 Bxf6 18. Nxh7 Kxh7 19. Qf5+ Kg8 20. Qxd5 Bxb2 21. Rab1 Be5 22. Rxb7 Bxh2+ 23. Kh1 Qe5 24. Rfxf7 Rxf7 25. Qxf7+ Kh7 26. Re7 Qg3 27. Bf4 Qg4 28. Kxh2 Rd8 29. Qf6 Rd5 30. Qh6+ Kg8 31. Qe6+ Qxe6 32. Rxe6 Rd4 33. Kg3 Ra4 34. Rc6 c4 35. Bd6 Rxa2 36. Rxc4 Kf7 37. Kf4 Ke6 38. Bf8 Kd5 39. Rc3 g6 40. Kg5 Ra4 41. g4 Re4 42. Rc5+ Kd4 43. Rc6 1-0

[Event "Mittelfranken-chTB2b 0809"]
[Site "Mittelfranken"]
[Date "2009.03.08"]
[Round "7.1"]
[White "Simon, Martin"]
[Black "Fink, Martin"]
[Result "1-0"]
[WhiteElo "1996"]
[BlackElo "1911"]
[PlyCount "99"]
[EventDate "2008.10.12"]
[EventType "team"]
[EventRounds "9"]
[EventCountry "GER"]
[SourceTitle "EXT 2011"]
[Source "ChessBase"]
[SourceDate "2010.11.26"]
[SourceVersion "1"]
[SourceVersionDate "2010.11.26"]
[SourceQuality "1"]
[WhiteTeam "Neumarkt"]
[BlackTeam "Heideck/Hilpoltstein"]
[WhiteTeamCountry "GER"]
[BlackTeamCountry "GER"]

1. e4 c5 2. Nf3 Nc6 3. d4 cxd4 4. Nxd4 d6 5. c4 Nf6 6. Nc3 g6 7. Be2 Bg7 8. Be3 0-0 9. 0-0 Bd7 10. Rc1 Rc8 11. f3 a6 12. Qd2 Ne5 13. Nd5 Bc6 14. b4 Ned7 15. Rc2 b6 16. Rfc1 Bb7 17. Nb3 Ne8 18. Bg5 f6 19. Nd4 Kf7 20. Be3 h5 21. f4 e6 22. Nc3 f5 23. exf5 exf5 24. c5 dxc5 25. Bc4+ Kf6 26. Ne6 Qe7 27. Bd4+ cxd4 28. Qxd4+ Kf7 29. Nxg7+ Rxc4 30. Qxc4+ Kxg7 31. Re2 Qd8 32. Rd1 Nef6 33. Rd6 Qc8 34. Qd4 Rf7 35. Ree6 a5 36. bxa5 bxa5 37. h3 Ba8 38. Nd5 Qc2 39. Rxf6 Nxf6 40. Rxf6 Rxf6 41. Qxf6+ Kh7 42. Qf7+ Kh6 43. Qf8+ Kh7 44. Qxa8 Qc1+ 45. Kh2 Qxf4+ 46. Nxf4 Kh6 47. Qh8+ Kg5 48. Ne6+ Kh4 49. Qf6+ g5 50. Qxg5# 1-0